Представление документа в формате RUSMARC

ПолеНазваниеЗначение
  Тип записи a
  Библиографический уровень m
001 Контрольный номер RU/SLIB/B/208755622
005 Дата корректировки 20201206204151.1
010 Индекс ISBN __
d Цена 150-00
101 Язык документа __
a Язык текста rus
200 Заглавие и сведения об ответственности __
a Заглавие Письма к начинающему художнику
f Первые сведения об ответственности Храпковский М. Б.
b Общее обозначение материала Текст
205 Сведения об издании __
a Основные сведения об издании 2-е изд.
210 Выходные данные __
a Место издания М.
c Издательство Искусство
d Дата издания 1959
215 Физическое описание __
a Объем 88 с., [30] отд. л. ил.
225 Серия __
a Серия Библиотека начинающего художника
606 Тематические рубрики __
a Основная рубрика Изобразительное искусство и архитектура
606 Тематические рубрики __
a Основная рубрика Графика в целом
610 Ключевые слова __
a Ключевые слова письма; художники; персоналии; художники-графики; рисунки; графическое искусство
686 Индексы других классификаций __
a Классификационный индекс 85.15
700 Автор __
a Фамилия Храпковский
b Имя М. Б.
4 Код отношения 070
801 Источник записи _0
a Страна RU
b Организация Муниципальное бюджетное учреждение культуры "Централизованная библиотечная система" г. Сургут (Центральная городская библиотека им. А. С. Пушкина)
g Правила каталогизации КиК/Уланова
801 Источник записи _1
a Страна RU
b Организация Муниципальное бюджетное учреждение культуры "Централизованная библиотечная система" г. Сургут (Центральная городская библиотека им. А. С. Пушкина)
g Правила каталогизации КиК/Уланова
852 Данные о местонахождении __
j Шифр хранения 85.15
c Каталожный индекс 85.15
i Авторский знак Х 90
p Инвентарный номер 54290*
901 Тип документа __
t Тип документа m
990 Данные о заказе (DOS) __
j Количество экземпляров (DOS) 1